000 00415nam a2200181Ia 4500
001 2367
005 20260306144801.0
008 260306t2007||||xx |||||||||||||| ||spa||
041 _aESP
082 _a616.89
_bB97
100 _aButcher, James N.
_eAUT
245 0 _aPsicologĂ­a clĂ­nica = Abnormal psychology
260 _c2007
300 _a
_c
650 _aGEN
654 _aCPS
942 _cLIB
_dJUS
_fJUS
_2ddc
_n
999 _c2367
_d2367